000
00323nam a2200133Ia 4500
005
20251222155115.0
008
251222s9999||||xx |||||||||||||| ||spa||
082
_a
PED. 24
100
_a
ANALES Nestlé.
245
0
_a
Extractos del XIX Congreso Internacinal Ped.
250
_a
1ra. ed.
264
_b
Nestle
942
_c
LIB
999
_c
38217
_d
38217